Money and public finance (Record no. 117578)
[ view plain ]
| 000 -LEADER | |
|---|---|
| fixed length control field | 00540nam a2200217Ia 4500 |
| 003 - CONTROL NUMBER IDENTIFIER | |
| control field | OSt |
| 005 - DATE AND TIME OF LATEST TRANSACTION | |
| control field | 20231016111601.0 |
| 008 - FIXED-LENGTH DATA ELEMENTS--GENERAL INFORMATION | |
| fixed length control field | 210210b2007 xxu||||| |||| 00| 0 eng d |
| 040 ## - CATALOGING SOURCE | |
| Transcribing agency | AL |
| 041 ## - LANGUAGE CODE | |
| Language code of text/sound track or separate title | eng |
| 082 ## - DEWEY DECIMAL CLASSIFICATION NUMBER | |
| Classification number | 332.4 SHAM |
| 100 ## - MAIN ENTRY--PERSONAL NAME | |
| Personal name | SHANBHAG (Santhosh) |
| 9 (RLIN) | 138028 |
| 245 ## - TITLE STATEMENT | |
| Title | Money and public finance |
| 260 ## - PUBLICATION, DISTRIBUTION, ETC. | |
| Place of publication, distribution, etc. | Mangalore |
| Name of publisher, distributor, etc. | Sita Publishing House |
| Date of publication, distribution, etc. | 2007 |
| 300 ## - PHYSICAL DESCRIPTION | |
| Extent | iii,176 |
| 650 ## - SUBJECT ADDED ENTRY--TOPICAL TERM | |
| Topical term or geographic name entry element | II semester Bcom |
| 9 (RLIN) | 138029 |
| 690 ## - LOCAL SUBJECT ADDED ENTRY--TOPICAL TERM (OCLC, RLIN) | |
| Topical term or geographic name as entry element | Money |
| 9 (RLIN) | 138030 |
| 700 ## - ADDED ENTRY--PERSONAL NAME | |
| Personal name | AQUINAS (P G) |
| 9 (RLIN) | 138031 |
| 906 ## - LOCAL DATA ELEMENT F, LDF (RLIN) | |
| a | 062476 |
| 942 ## - ADDED ENTRY ELEMENTS (KOHA) | |
| Source of classification or shelving scheme | Dewey Decimal Classification |
| Koha item type | Book |
| Withdrawn status | Lost status | Source of classification or shelving scheme | Damaged status | Not for loan | Collection code | Home library | Current library | Date acquired | Source of acquisition | Cost, normal purchase price | Total Checkouts | Full call number | Barcode | Date last seen | Price effective from | Koha item type |
|---|---|---|---|---|---|---|---|---|---|---|---|---|---|---|---|---|
| Dewey Decimal Classification | Commerce | St Aloysius Library | St Aloysius Library | 02/17/2021 | West Coast Paper & Stationers | 140.00 | 332.4 SHAM | 062476 | 02/17/2021 | 02/17/2021 | Book | |||||
| Dewey Decimal Classification | Commerce | St Aloysius Library | St Aloysius Library | 02/17/2021 | West Coast Paper & Stationers | 140.00 | 332.4 SHAM | 062477 | 02/17/2021 | 02/17/2021 | Book |